La tipicita dei diritti reali
Պահպանված է:
| Հիմնական հեղինակ: | |
|---|---|
| Ձևաչափ: | Գիրք |
| Լեզու: | իտալերեն |
| Հրապարակվել է: |
Padua
CEDAM
1988
|
| Հրատարակություն: | 2a. ed |
| Շարք: | Universita degli studi di Verona Facolta di Economia e Commercio Istituto di Diritto Privato, 14
|
| Խորագրեր: | |
| Ցուցիչներ: |
Ավելացրեք ցուցիչ
Չկան պիտակներ, Եղեք առաջինը, ով նշում է այս գրառումը!
|
MARC
| LEADER | 00000nam a2200000 a 4500 | ||
|---|---|---|---|
| 001 | UCV2349 | ||
| 003 | CL-VaPUC | ||
| 008 | 920610e19880000IT |||||||||||||||||ita|d | ||
| 082 | 0 | 4 | |a 346.04 |b NAT |2 21 |
| 100 | |a Natucci, Alessandro |e autore |9 296609 | ||
| 245 | 1 | 3 | |a La tipicita dei diritti reali |
| 250 | |a 2a. ed | ||
| 300 | |a 350 p | ||
| 942 | |c BK | ||
| 945 | |d 19920610 00:00:00 | ||
| 260 | |a Padua |b CEDAM |c 1988 | ||
| 650 | 0 | |a Derecho civil |9 255013 | |
| 583 | |a last modification |c 19920610 00:00:00 |k Rodrigo Vera | ||
| 490 | 0 | |a Universita degli studi di Verona Facolta di Economia e Commercio Istituto di Diritto Privato, 14 | |
| 999 | |c 209956 |d 209954 | ||
| 952 | |0 0 |1 0 |4 0 |6 346_040000000000000_NAT_1988 |7 0 |8 A |9 185860 |a BIBDER |b BIBDER |d 2019-11-14 |i 2533235 |o 346.04 NAT 1988 |p 2533235 |r 2023-01-25 |w 2019-11-14 |y BK |k DER | ||